| 000 | 00000nam##2200000za#4500 |
| 001 | 9.604065 |
| 003 | CaOODSP |
| 005 | 20260128153024 |
| 007 | cr ||||||||||| |
| 008 | 150406|2007||||xxc|||||o f|0| 0 fre|d |
| 022 | |a1488-545X |
| 040 | |aCaOODSP|bfre |
| 043 | |an-cn--- |
| 086 | 1 |aFs97-6/2738F-PDF |
| 110 | 2 |aInstitut Maurice-Lamontagne. |
| 245 | 10|aÉvaluation de quelques gisements de mye commune (Mya arenaria) de la rive sud de l'estuaire du Saint-Laurent en 2005 et 2006 / |h[ressource électronique]|c[par] Michel Giguère, Sylvie Brulotte et Frédéric Hartog. |
| 260 | |aMont-Joli - Québec : |bPêches et Océans Canada. |cc2007. |
| 300 | |a121p.|bcartes en couleur, graphiques, références, tableaux |
| 490 | 1 |aRapport technique canadien des sciences halieutiques et aquatiques|x1488-545X|vN° 2738 |
| 500 | |aLe n° de catalogue (FS97-6/2738F) de l'édition imprimée a été incorrectement copié dans cette édition électronique. |
| 546 | |a(Abstract in English) |
| 590 | |a12-24-Supp|b2012-05-30 |
| 720 | 1 |aGiguère, Michel |
| 720 | 1 |aBrulotte, Sylvie |
| 720 | 1 |aHartog, Frédéric |
| 776 | 0#|tÉvaluation de quelques gisements de mye commune (Mya arenaria) de la rive sud de l'estuaire du Saint Laurent en 2005 et 2006 / |w(CaOODSP)9.627672 |
| 830 | #0|aRapport technique canadien des sciences halieutiques et aquatiques,|x1488-545X|vN° 2738|w(CaOODSP)9.500867 |
| 856 | 40|ahttp://publications.gc.ca|qPDF|s1.78 Mo|uhttps://publications.gc.ca/collections/collection_2012/mpo-dfo/Fs97-6-2738-fra.pdf|yN° 2738 |